A Jerusalem anthology : travel writing through the centuries /

محفوظ في:

مؤلفون آخرون: Gorton, T. J., Gorton, Andrée Feghali.

التنسيق: كتاب

اللغة: English

منشور في: Cairo : The American University in Cairo Press, [2017].

الموضوعات:

الوسوم: إضافة وسم

لا توجد وسوم, كن أول من يضع وسما على هذه التسجيلة!

رقم الطلب: DS109 .J47 2017

LEADER 00755namaa2200229 4500
003 OSt
005 20260223102058.0
008 130303s2017 ua a 000 0 eng d
020 |a 9789774168420 
040 |c ARCE Library 
043 |a awba--- 
050 4 |a DS109 .J47 2017 
245 0 2 |a A Jerusalem anthology :   |b travel writing through the centuries /   |c edited by T. J. Gorton, Andree Feghali Gorton. 
264 1 |a Cairo :  |b The American University in Cairo Press,  |c [2017]. 
300 |a ix, 157 pages :  |b illustrations ;  |c 17 cm. 
651 0 |a Jerusalem  |x Description and travel. 
651 0 |a Jerusalem  |x History  |x Sources. 
700 1 |a Gorton, T. J.,   |q (Ted J.) 
700 1 |a Gorton, Andrée Feghali. 
901 |a reviewed 
942 |c BK  |2 lcc 
999 |c 7410  |d 7410